000 00226nam a2200121Ia 4500
100 _a#N/A
650 _aComputer/ IT
942 _cBK
654 _asmart
245 _aSmart office Tools
260 _b#N/A
546 _aENGLISH
999 _c32809
_d32809